=LDR 00000nam 2200000 4500 =001 INLIS000000000007189 =005 20200317065326 =035 ##$$a 0010-061300000007189 =008 200317################g##########0#ind## =041 ##$$a Ind =082 ##$$a 248 =090 ##$$a 248, Obr m =100 ##$$a Brian, Bev O' =245 1#$$a Mama aku hamil : $b menghadapi masalah kehamilan di luar pernikahan /$c Bev O'Brian penerjemah, Lany Kristono =260 ##$$a Jakarta :$b Guung Mulia,$c 1991 =300 ##$$a xii, 136 hlm ; $c 19 x 13 cm =650 #4$$a Anak diluar perkawian =020 ##$$a 979-415-622-1 =084 ##$$a 248 BRI m =504 ##$$a Bibliografi :hlm.:135-136 =700 #$$a Lany Kristono =990 ##$$a DW00020788 =990 ##$$a 00093366